01455nam a2200361 a 4500001001000000003000500010005001700015008004100032010001100073011001100084040000900095090001000104100003000114245013100144260004100275500006000316502008200376590004000458590004000498650003100538650003100569650003300600650002900633650002200662650002100684856007000705901000700775942001000782942000600792999001900798952014000817952013600957000112242CHAP20220329144252.0160118s2015 mx a fsm |||||||spa d a108703 a109675 cCHAP aTesis1 aLuna Rojo, Jimena913044810aAdaptabilidad climática para diferentes cultivos en el municipio de Zacatlán, Puebla/h[En línea]cpor Jimena Luna Rojo. aChapingo, Méx. :bEl autor,c2015. aPara ver el contenido del material haga clic en la liga aTesis (Ing. en Recursos Naturales Renovables) -- UACH. Departamento de Suelos aE6096MTMb05c20160118lUCH01h1452 aE6096MTMb05c20160118lUCH01h145314aAdaptación vegetal.988014aAgriculturaxPuebla.9177514aClima y vegetación.92386314aCultivos y clima.93039214aIsotermas.96063714aIsoyetas.960638 aFinding aiduhttp://10.13.5.2/tesis/sist112242.pdfzTeclea aquí aBK cTESIS n0 c108703d108703 00102local4053708TESISaBCbBCcPA_TESISd2016-01-18fTESISl0oTesisp33724002516306r2019-12-31 00:00:00tC.2w2019-12-31yTESIS 00104054718TESISaBCbBCd2016-01-18fTESISl0oTesisp33724002516347r2019-12-31 00:00:00w2019-12-31yTESISzRecien adquirido